| 000 | 01147nam a2200409 a 4500 | ||
|---|---|---|---|
| 003 | AR-BaBNM | ||
| 005 | 20251128205346.0 | ||
| 008 | 082120s2002 ||||||||||||||000 | spa|| | ||
| 020 | _a84-7774-087-9 | ||
| 040 | _cAR-BaBNM | ||
| 100 | 1 | _aFlavell, John H. | |
| 245 | 0 | 0 | _aEl desarrollo cognitivo |
| 260 |
_aMadrid _bVisor _c1993 |
||
| 300 |
_a479 p. _bdiagr., il. |
||
| 490 | 0 |
_aAprendizaje _vv. 87 |
|
| 500 | _aIndice de autores: p. 465-473 | ||
| 500 | _aIndice temático: p. 473-478 | ||
| 504 | _aBibliografía: p. 437-464 | ||
| 600 | 1 | 4 | _aPiaget, Jean |
| 650 | 4 | _aPSICOLOGIA EVOLUTIVA | |
| 650 | 4 | _aPRIMERA INFANCIA | |
| 650 | 4 | _aADOLESCENCIA | |
| 650 | 4 | _aCONOCIMIENTO | |
| 650 | 4 | _aMEMORIA | |
| 650 | 4 | _aPERCEPCION | |
| 650 | 4 | _aACTIVIDADES SENSOMOTRICES | |
| 650 | 4 | _aDESARROLLO DEL NIÑO | |
| 650 | 4 | _aDESARROLLO COGNOSCITIVO | |
| 650 | 4 | _aDESARROLLO DEL LENGUAJE | |
| 653 | _aPSICOLOGIA COGNITIVA | ||
| 700 | 1 |
_aPozo, María José _etraductor |
|
| 700 | 1 |
_aPozo, Juan Ignacio _etraductor |
|
| 800 | 1 |
_aAlvarez, Amelia _edirector |
|
| 800 | 1 |
_aDel Río, Pablo _edirector |
|
| 942 | _cBK | ||
| 998 | _csilvi | ||
| 999 |
_c11084 _d11084 |
||